000 01294nam0a2200313 4500
001 RU\NLR\bibl\1681098
005 20260405231317.0
010 _a978-5-9539-4751-0
_95000
021 _aRU
_b2010-2773и
_9280и
035 _a(NLR Aleph) 001672298
090 _a1049154
_c1049154
100 _a20101001d2010 |||y0rusy50 ca
101 1 _arus
_cund
102 _aRU
105 _ay |||||||||
200 1 _aHello Kitty
_iПоиграй с Хелло Китти!
_eкнига с игровым набором
_e[для младшего и среднего школьного возраста
_fред.: Юлия Шишкова]
210 _aМосква
_cЭгмонт
_cЭгмонт Россия Лтд.
_d2010
215 _a[16] с.
_cцв. ил.
_d25
_e4 игровых поля, 3 л. цв. магнитов
300 _aНазв. на яз. ориг.: Hello Kitty! Magnetic case
309 _aВложено в чемоданчик
454 0 _12001#$aHello Kitty! Magnetic case
_tHello Kitty! Magnetic case
702 1 _4340
_8rus
_7ca
_aШишкова
_bЮ.
_cред. изд-ва
_gЮлия
_3RU\NLR\auth\77105247
_988172
801 0 _aRU
_bNLR
_c20101001
_gRCR
801 1 _aRU
_bNLR
_c20101001
852 _aNLR
_jИгр/777
942 _cBOOK
980 _aNB